[Event "Festival INGEM - PLZEŇ 2013"]
[Site "Plzeň (Česká republika)"]
[Date "2013.08.22"]
[Round "7.11"]
[White "Jurek, Josef"]
[Black "Hladik, Pavel"]
[Result "1/2-1/2"]
[WhiteElo "2276"]
[BlackElo "1890"]
[PlyCount "106"]
[EventDate "2013.08.17"]
[Source "ChessBase"]
[SourceDate "1996.11.15"]

1. Nf3 g6 2. d4 Bg7 3. c4 Nf6 4. g3 O-O 5. Bg2 d6 6. Nc3 c6 7. O-O Qa5 8. e4
Na6 9. h3 Be6 10. d5 Bd7 11. Re1 cxd5 12. cxd5 Rad8 13. Be3 Nc5 14. Nd4 e5 15.
Nb3 Qc7 16. Nxc5 dxc5 17. Qd2 Ne8 18. d6 Nxd6 19. Nd5 Qb8 20. Bxc5 Be6 21. Ne7+
Kh8 22. Qb4 b6 23. Be3 Qb7 24. Nd5 f5 25. Bg5 Rd7 26. Rad1 Nxe4 27. Nc3 Rxd1
28. Rxd1 Qf7 29. Nxe4 fxe4 30. Be3 Bxa2 31. Qxe4 Be6 32. Rd2 Qc7 33. Qa4 h5 34.
Kh2 Kh7 35. Bg5 Rf7 36. Rc2 Qd6 37. Qh4 Qd4 38. g4 Kg8 39. Rd2 Qc4 40. b3 Qb4
41. f4 Rxf4 42. Rd8+ Rf8 43. Bd2 Qxb3 44. gxh5 gxh5 45. Rxf8+ Bxf8 46. Qg5+ Bg7
47. Qd8+ Bf8 48. Bh6 Qb4 49. Qg5+ Kf7 50. Qxh5+ Ke7 51. Bxf8+ Kxf8 52. Qxe5 Ke7
53. Qc7+ Kf6 1/2-1/2

[Event "Festival INGEM - PLZEŇ 2013"]
[Site "Plzeň (Česká republika)"]
[Date "2013.08.22"]
[Round "7.12"]
[White "Kalista, Karel"]
[Black "Kozak, Milos"]
[Result "0-1"]
[WhiteElo "1880"]
[BlackElo "2178"]
[PlyCount "60"]
[EventDate "2013.08.17"]
[Source "ChessBase"]
[SourceDate "1996.11.15"]

1. d4 d5 2. c4 c6 3. Nf3 Nf6 4. Nc3 dxc4 5. a4 Bf5 6. e3 e6 7. Bxc4 Bb4 8. O-O
O-O 9. Nh4 Bg4 10. f3 Bh5 11. g4 Bg6 12. Nxg6 hxg6 13. Kh1 Nbd7 14. Rg1 e5 15.
Qc2 exd4 16. exd4 Nb6 17. Ba2 Qxd4 18. Rd1 Qe5 19. f4 Qc5 20. Qg2 Rad8 21. Bd2
Nbd5 22. Nxd5 Nxd5 23. Rac1 Qa5 24. Bxd5 Rxd5 25. Bxb4 Rxd1+ 26. Rxd1 Qxb4 27.
Rd7 Qe1+ 28. Qg1 Qe4+ 29. Qg2 Qxf4 30. Qd2 Qf1# 0-1

[Event "Festival INGEM - PLZEŇ 2013"]
[Site "Plzeň (Česká republika)"]
[Date "2013.08.22"]
[Round "7.13"]
[White "Sroubova, Lenka"]
[Black "Mares, Vaclav"]
[Result "1/2-1/2"]
[WhiteElo "1802"]
[BlackElo "2010"]
[PlyCount "92"]
[EventDate "2013.08.17"]
[Source "ChessBase"]
[SourceDate "1996.11.15"]

1. Nf3 d5 2. g3 Nc6 3. Bg2 e5 4. d3 Be7 5. Nbd2 Be6 6. c4 dxc4 7. Qa4 Qd7 8.
Nxc4 Nf6 9. O-O O-O 10. Qc2 Bd6 11. Bd2 Rfe8 12. Rfd1 Rad8 13. b3 Bg4 14. Bc3
h6 15. Qb2 Qe7 16. a3 Nd5 17. b4 Nxc3 18. Qxc3 Nd4 19. Nxd4 exd4 20. Qxd4 Bxe2
21. Rdc1 c5 22. Qe4 cxb4 23. axb4 Qf6 24. Qxb7 Re7 25. Qc6 Bxd3 26. Nxd6 Rxd6
27. Qc8+ Kh7 28. Qc3 Qg6 29. Bf1 Be4 30. Bg2 Bd3 31. Bf1 Be4 32. Bg2 Bxg2 33.
Kxg2 Rd3 34. Qc4 Red7 35. b5 Qf5 36. Re1 Qf3+ 37. Kg1 R7d4 38. Qc6 Qh5 39. Rxa7
Rd2 40. b6 Rd6 41. Qe4+ Qg6 42. Qxg6+ Kxg6 43. b7 Rb6 44. Re8 Rdb2 45. Re7 Rf6
46. Ra8 Rfb6 1/2-1/2

[Event "Festival INGEM - PLZEŇ 2013"]
[Site "Plzeň (Česká republika)"]
[Date "2013.08.22"]
[Round "7.15"]
[White "Simet, Martin"]
[Black "Janecek, Pavel"]
[Result "0-1"]
[WhiteElo "1708"]
[BlackElo "1892"]
[PlyCount "170"]
[EventDate "2013.08.17"]
[Source "ChessBase"]
[SourceDate "1996.11.15"]

1. e4 c5 2. Nf3 Nc6 3. d4 cxd4 4. Nxd4 g6 5. Be3 Bg7 6. Nc3 Nf6 7. f3 Qa5 8.
Nb3 Qc7 9. Qd2 O-O 10. h4 d6 11. Be2 Be6 12. g4 a5 13. a4 Nb4 14. h5 Rac8 15.
hxg6 fxg6 16. Rc1 Nd7 17. Bh6 Rf7 18. Bxg7 Rxg7 19. Nd4 Bc4 20. Qh6 Nf8 21. f4
Qb6 22. Bxc4+ Rxc4 23. Nde2 e6 24. f5 exf5 25. gxf5 Qd8 26. Rg1 Qf6 27. Nf4 Qf7
28. f6 Qxf6 29. Rf1 Rf7 30. Ke2 g5 31. Qxf6 Rxf6 32. Nh5 Rxf1 33. Rxf1 Nd7 34.
Rf5 Rc5 35. Nd5 Nxd5 36. Rxg5+ Kf8 37. Rxd5 Ke7 38. Kd3 Nb6 39. Rxc5 dxc5 40.
b3 Ke6 41. Ng7+ Ke5 42. Nh5 Nd7 43. Ke3 Nf6 44. Ng3 h5 45. Kf3 h4 46. Ne2 Nxe4
47. Kg4 Nd2 48. Nc3 Nf1 49. Kxh4 Ne3 50. Kg3 Nxc2 51. Ne2 Nd4 52. Nc1 Ke4 53.
Kf2 Kd5 54. Ke3 c4 55. bxc4+ Kxc4 56. Nd3 Nb3 57. Ne5+ Kb4 58. Kd3 Nc5+ 59. Kc2
Nxa4 60. Nd3+ Kc4 61. Ne5+ Kb5 62. Kb3 Nb6 63. Nd3 Na4 64. Ne5 b6 65. Nf3 Nc5+
66. Ka3 Kc4 67. Ne5+ Kc3 68. Nc6 a4 69. Nb4 Kc4 70. Nc6 b5 71. Nb4 Nd3 72. Nc6
Nc5 73. Nb4 Nd3 74. Nc6 Kd5 75. Na5 Kc5 76. Nb7+ Kc6 77. Nd8+ Kb6 78. Ne6 Ka5
79. Nd4 b4+ 80. Ka2 Kb6 81. Nf3 Kc5 82. Nd2 Kd4 83. Ka1 Kc3 84. Ne4+ Kc2 85.
Nf2 Nxf2 0-1

[Event "Festival INGEM - PLZEŇ 2013"]
[Site "Plzeň (Česká republika)"]
[Date "2013.08.22"]
[Round "7.16"]
[White "Cecil, Pavel"]
[Black "Kopriva, Martin"]
[Result "0-1"]
[WhiteElo "1941"]
[BlackElo "1816"]
[PlyCount "86"]
[EventDate "2013.08.17"]
[Source "ChessBase"]
[SourceDate "1996.11.15"]

1. d4 d5 2. Nf3 Nf6 3. c4 e6 4. Bg5 Be7 5. e3 O-O 6. Nc3 Nbd7 7. Bd3 h6 8. Bh4
Re8 9. O-O c6 10. b3 b6 11. cxd5 exd5 12. Rc1 Bb7 13. Bb1 Ba3 14. Rc2 Ba6 15.
Re1 Bb4 16. Rc1 Ba3 17. Rc2 Qc8 18. Rd2 Ne4 19. Qc2 Bb4 20. Nxe4 dxe4 21. Red1
Bxd2 22. Nxd2 Bd3 23. Qb2 Bxb1 24. Qxb1 Nf8 25. Bg3 Qg4 26. Kf1 Ng6 27. Rc1
Rac8 28. Nc4 Rcd8 29. b4 Qe6 30. Qc2 h5 31. h3 Rd5 32. Nd2 h4 33. Bh2 c5 34.
bxc5 bxc5 35. dxc5 Ne5 36. Nxe4 Nd3 37. Ng5 Qe7 38. Rd1 Qxg5 39. Rxd3 Rxc5 40.
Qa4 Rec8 41. Bf4 Qf5 42. Rd1 Rc2 43. f3 Qg6 0-1

[Event "Festival INGEM - PLZEŇ 2013"]
[Site "Plzeň (Česká republika)"]
[Date "2013.08.22"]
[Round "7.17"]
[White "Halla, Jiri"]
[Black "Sladek, Jaroslav"]
[Result "1/2-1/2"]
[WhiteElo "1816"]
[BlackElo "2034"]
[PlyCount "37"]
[EventDate "2013.08.17"]
[Source "ChessBase"]
[SourceDate "1996.11.15"]

1. e4 e6 2. d4 d5 3. exd5 exd5 4. Bd3 Bd6 5. Nf3 Bg4 6. O-O Nc6 7. c3 Nge7 8.
Nbd2 O-O 9. Re1 Qd7 10. Qc2 Rfe8 11. h3 Bf5 12. Bxf5 Qxf5 13. Qxf5 Nxf5 14.
Rxe8+ Rxe8 15. Kf1 Bf4 16. Nb3 Bxc1 17. Rxc1 b6 18. Re1 Rxe1+ 19. Kxe1 1/2-1/2

[Event "Festival INGEM - PLZEŇ 2013"]
[Site "Plzeň (Česká republika)"]
[Date "2013.08.22"]
[Round "7.18"]
[White "Lorenc, David"]
[Black "Novy, Daniel"]
[Result "1/2-1/2"]
[WhiteElo "1715"]
[BlackElo "2021"]
[PlyCount "37"]
[EventDate "2013.08.17"]
[Source "ChessBase"]
[SourceDate "1996.11.15"]

1. e4 c5 2. Nf3 e6 3. d4 cxd4 4. Nxd4 Nf6 5. Nc3 d6 6. Bg5 a6 7. f4 Qc7 8. Qf3
Nbd7 9. O-O-O b5 10. a3 Bb7 11. Bxf6 Nxf6 12. g4 Rc8 13. g5 Nd7 14. f5 e5 15.
Nb3 Be7 16. h4 f6 17. Qh5+ Kf8 18. g6 h6 19. Rh2 1/2-1/2

[Event "Festival INGEM - PLZEŇ 2013"]
[Site "Plzeň (Česká republika)"]
[Date "2013.08.22"]
[Round "7.19"]
[White "Palkova, Hana"]
[Black "Gabrys, Lukas"]
[Result "1/2-1/2"]
[WhiteElo "1992"]
[BlackElo "1759"]
[PlyCount "69"]
[EventDate "2013.08.17"]
[Source "ChessBase"]
[SourceDate "1996.11.15"]

1. d4 Nf6 2. c4 e6 3. Nc3 d5 4. Bg5 Be7 5. e3 Nbd7 6. a3 O-O 7. Nf3 b6 8. cxd5
exd5 9. Be2 Bb7 10. O-O c5 11. dxc5 bxc5 12. Qb3 Qb6 13. Qxb6 axb6 14. Rfd1 h6
15. Bh4 Bd6 16. Bb5 g5 17. Bg3 Bxg3 18. hxg3 Rfd8 19. Rac1 Nf8 20. Rd3 Ne6 21.
Rcd1 d4 22. exd4 Bxf3 23. Rxf3 Kg7 24. d5 Nd4 25. Rfd3 Nxd5 26. Nxd5 Rxd5 27.
Bc6 Ne2+ 28. Kf1 Rxd3 29. Rxd3 Rc8 30. Bd7 Nc1 31. Rd1 Rd8 32. Rxc1 Rxd7 33.
Ke2 Kf6 34. Rc3 Ke5 35. Re3+ 1/2-1/2

[Event "Festival INGEM - PLZEŇ 2013"]
[Site "Plzeň (Česká republika)"]
[Date "2013.08.22"]
[Round "7.20"]
[White "Ruzicka, Tomas"]
[Black "Janska, Jitka"]
[Result "0-1"]
[WhiteElo "1782"]
[BlackElo "1939"]
[PlyCount "97"]
[EventDate "2013.08.17"]
[Source "ChessBase"]
[SourceDate "1996.11.15"]

1. e4 e5 2. Nf3 Nc6 3. d4 exd4 4. Nxd4 Bc5 5. Be3 Qf6 6. c3 Nge7 7. Be2 Qg6 8.
Bf3 Ne5 9. Qe2 O-O 10. Nd2 Bb6 11. O-O d5 12. Bh5 Bg4 13. Bxg6 Bxe2 14. Bxh7+
Kxh7 15. Nxe2 Bxe3 16. fxe3 dxe4 17. Nxe4 Nc4 18. Rf3 Nd5 19. Rh3+ Kg8 20. Rg3
Rfe8 21. Nf4 Nxf4 22. Nf6+ Kh8 23. Rg4 gxf6 24. Rxf4 Nxe3 25. Rxf6 Kg7 26. Rf3
Rad8 27. Rg3+ Kf8 28. Re1 Rd1 29. Rxd1 Nxd1 30. h4 Nxb2 31. h5 Re5 32. Rh3 Kg7
33. g4 Rg5 34. Rg3 f5 35. Kh2 fxg4 36. Re3 Rxh5+ 37. Kg2 Kf6 38. Re4 a5 39.
Rf4+ Ke6 40. Rxg4 Rf5 41. Rg7 Kd6 42. Rg6+ Kc5 43. Rg7 Kb6 44. Kg3 c6 45. Kg4
Rf6 46. Re7 Na4 47. Re3 Kb5 48. Kg5 Rf2 49. c4+ 0-1

[Event "Festival INGEM - PLZEŇ 2013"]
[Site "Plzeň (Česká republika)"]
[Date "2013.08.22"]
[Round "7.21"]
[White "Vachal, Josef"]
[Black "Berka, Lubos"]
[Result "1/2-1/2"]
[WhiteElo "1891"]
[BlackElo "1800"]
[PlyCount "34"]
[EventDate "2013.08.17"]
[Source "ChessBase"]
[SourceDate "1996.11.15"]

1. e4 c6 2. d4 d5 3. exd5 cxd5 4. Bd3 Nc6 5. Ne2 Nf6 6. f3 e6 7. c3 Bd6 8. Bf4
Bxf4 9. Nxf4 Qb6 10. Qe2 Bd7 11. Na3 a6 12. O-O-O O-O 13. g4 Qc7 14. Qe3 b5 15.
Nc2 b4 16. g5 Ne8 17. cxb4 Nxb4 1/2-1/2

[Event "Festival INGEM - PLZEŇ 2013"]
[Site "Plzeň (Česká republika)"]
[Date "2013.08.22"]
[Round "7.22"]
[White "Hajek, Jiri"]
[Black "Kocandova, Martina"]
[Result "1/2-1/2"]
[WhiteElo "1879"]
[BlackElo "1743"]
[PlyCount "110"]
[EventDate "2013.08.17"]
[Source "ChessBase"]
[SourceDate "1996.11.15"]

1. e4 e5 2. Nf3 Nc6 3. Nc3 Nf6 4. d4 exd4 5. Nxd4 Bb4 6. Nxc6 bxc6 7. Bd3 O-O
8. O-O Re8 9. Qf3 h6 10. Bf4 Kh8 11. e5 Bxc3 12. bxc3 Nd5 13. Qe4 g6 14. Bxh6
d6 15. Qf3 Be6 16. c4 Nb6 17. Qg3 dxe5 18. Bg5 Qd4 19. Bf6+ Kh7 20. Rae1 Qf4
21. Qxf4 exf4 22. Re4 Nd7 23. Bd4 c5 24. Bc3 f6 25. Rxf4 Kg7 26. Re1 Bf7 27.
Be4 Rad8 28. Bd3 Rxe1+ 29. Bxe1 Ne5 30. Bc3 g5 31. Re4 Bg6 32. Re3 Bxd3 33.
Bxe5 Bxc4 34. Bc3 Rd1+ 35. Re1 Rxe1+ 36. Bxe1 Bxa2 37. f4 Bb1 38. fxg5 fxg5 39.
c3 a5 40. Bf2 c4 41. Bc5 Kf6 42. Kf2 Ke5 43. Ke3 Kd5 44. Ba3 Kc6 45. Kd2 Kb5
46. Kc1 Be4 47. Be7 g4 48. Bd8 Kc6 49. g3 Kd7 50. Bg5 Ke6 51. Kb2 c5 52. Ka3
Bc6 53. Bd8 a4 54. Bb6 Kd5 55. Ba7 Bb5 1/2-1/2

[Event "Festival INGEM - PLZEŇ 2013"]
[Site "Plzeň (Česká republika)"]
[Date "2013.08.22"]
[Round "7.23"]
[White "Pokomandy, Mikulas"]
[Black "Holy, Filip"]
[Result "1-0"]
[WhiteElo "1828"]
[BlackElo "1660"]
[PlyCount "75"]
[EventDate "2013.08.17"]
[Source "ChessBase"]
[SourceDate "1996.11.15"]

1. Nf3 Nf6 2. g3 d5 3. Bg2 c6 4. d4 Bf5 5. O-O h6 6. Nbd2 e6 7. Re1 Nbd7 8. c3
Be7 9. b3 O-O 10. Bb2 Qb6 11. c4 Rfe8 12. Qc1 Rac8 13. h3 Bf8 14. Nh4 Bh7 15.
e4 g5 16. e5 gxh4 17. exf6 hxg3 18. fxg3 Qc7 19. g4 Nxf6 20. Rf1 Ne4 21. Nxe4
Bxe4 22. Bxe4 dxe4 23. Qe3 Bg7 24. Rf2 Rcd8 25. Raf1 c5 26. dxc5 Bxb2 27. Rxb2
Qe5 28. Rbf2 Rd3 29. Qxh6 Re7 30. g5 Rg3+ 31. Rg2 Qxc5+ 32. Kh2 Rxg2+ 33. Kxg2
Rd7 34. Qf6 Rd2+ 35. Kh1 Qc7 36. Rf4 e3 37. g6 Qc6+ 38. Rf3 1-0

[Event "Festival INGEM - PLZEŇ 2013"]
[Site "Plzeň (Česká republika)"]
[Date "2013.08.22"]
[Round "7.24"]
[White "Roew, Rolf"]
[Black "Truksa, Vaclav"]
[Result "1-0"]
[WhiteElo "1819"]
[BlackElo "1637"]
[PlyCount "77"]
[EventDate "2013.08.17"]
[Source "ChessBase"]
[SourceDate "1996.11.15"]

1. e4 c5 2. c3 Nf6 3. e5 Nd5 4. d4 cxd4 5. cxd4 e6 6. Nf3 Nc6 7. Bc4 Nb6 8. Bb5
a6 9. Bxc6 dxc6 10. O-O Nd5 11. Nc3 Be7 12. Be3 O-O 13. Qe2 Qa5 14. Nxd5 Qxd5
15. Rfd1 Rd8 16. Bg5 Bxg5 17. Nxg5 h6 18. Ne4 b6 19. Nd6 a5 20. Qh5 Ra7 21. Qh4
Rad7 22. Rd3 f6 23. Nxc8 Qc4 24. Rad1 Rxc8 25. exf6 c5 26. Qg4 cxd4 27. h3 Rcd8
28. b3 Qd5 29. Rxd4 Qc6 30. Rxd7 Rxd7 31. Rxd7 Qxd7 32. Qxg7+ Qxg7 33. fxg7
Kxg7 34. f4 Kf6 35. g4 e5 36. f5 h5 37. Kf2 hxg4 38. hxg4 e4 39. a4 1-0

[Event "Festival INGEM - PLZEŇ 2013"]
[Site "Plzeň (Česká republika)"]
[Date "2013.08.22"]
[Round "7.26"]
[White "Bruna, Martin"]
[Black "Stancik, Jakub"]
[Result "1/2-1/2"]
[WhiteElo "1435"]
[BlackElo "1895"]
[PlyCount "70"]
[EventDate "2013.08.17"]
[Source "ChessBase"]
[SourceDate "1996.11.15"]

1. e4 e5 2. Nf3 Nc6 3. Bc4 Be7 4. O-O d6 5. c3 Nf6 6. Ng5 O-O 7. Qb3 Qe8 8. f4
h6 9. fxe5 hxg5 10. exf6 Bxf6 11. d3 Na5 12. Qb4 Nxc4 13. Qxc4 Qe7 14. Nd2 Be6
15. Qa4 Bd7 16. Qc2 Bc6 17. d4 Rae8 18. Re1 g6 19. b3 Qe6 20. Bb2 Qg4 21. Re3
b6 22. Rae1 Bb7 23. Rg3 Qd7 24. Rge3 Re6 25. e5 Rfe8 26. c4 dxe5 27. dxe5 Bg7
28. Nf3 Bxf3 29. gxf3 Qe7 30. Qe2 Qc5 31. Kh1 Bf8 32. Qg2 Qe7 33. Qg3 Qd8 34.
f4 gxf4 35. Qxf4 Be7 1/2-1/2

[Event "Festival INGEM - PLZEŇ 2013"]
[Site "Plzeň (Česká republika)"]
[Date "2013.08.22"]
[Round "7.38"]
[White "Smrckova, Svetlana"]
[Black "Jesensky, Jaromir"]
[Result "1/2-1/2"]
[WhiteElo "1607"]
[BlackElo "1578"]
[PlyCount "84"]
[EventDate "2013.08.17"]
[Source "ChessBase"]
[SourceDate "1996.11.15"]

1. e4 d5 2. exd5 Qxd5 3. Nc3 Qd6 4. Bc4 Nf6 5. d3 c6 6. Nge2 Bg4 7. O-O e6 8.
Bf4 Qd8 9. Qd2 Bd6 10. Ng3 O-O 11. Nge4 Bxf4 12. Qxf4 Bf5 13. Nc5 Qc8 14. N3e4
Bxe4 15. Nxe4 Nbd7 16. d4 Nxe4 17. Qxe4 Qc7 18. Bd3 Nf6 19. Qh4 Rad8 20. Rfe1
Qa5 21. c3 Qh5 22. Qg3 Qa5 23. Re5 Rd5 24. Rxd5 Qxd5 25. Qc7 Qd7 26. Qa5 Ra8
27. Re1 Qd5 28. Qb4 Qd7 29. Qb3 Rb8 30. Qd1 Qd6 31. Re3 Rd8 32. Rh3 Qf4 33. Rf3
Qd6 34. Rh3 Qf4 35. Qc2 g6 36. Rf3 Qg5 37. Rg3 Qh4 38. h3 Nh5 39. Rg4 Qe7 40.
Re4 Qd6 41. Qc1 Qe7 42. Be2 Ng7 1/2-1/2

[Event "Festival INGEM - PLZEŇ 2013"]
[Site "Plzeň (Česká republika)"]
[Date "2013.08.22"]
[Round "7.39"]
[White "Vojir, Vaclav"]
[Black "Fakan, Petr"]
[Result "1-0"]
[WhiteElo "1667"]
[BlackElo "1490"]
[PlyCount "43"]
[EventDate "2013.08.17"]
[Source "ChessBase"]
[SourceDate "1996.11.15"]

1. e4 e6 2. d4 d5 3. exd5 exd5 4. Nf3 Nf6 5. c4 c6 6. Bd3 Be6 7. cxd5 Nxd5 8.
h3 Bd6 9. Bd2 O-O 10. O-O Nd7 11. Ng5 N7f6 12. Nxe6 fxe6 13. Re1 Re8 14. a3 Qb6
15. Bc3 c5 16. dxc5 Bxc5 17. Qd2 Nxc3 18. Nxc3 Rad8 19. Re2 Rd4 20. Qc2 Qd6 21.
Nb5 Rxd3 22. Nxd6 1-0

[Event "Festival INGEM - PLZEŇ 2013"]
[Site "Plzeň (Česká republika)"]
[Date "2013.08.23"]
[Round "8.1"]
[White "Chudinovskikh, Alexander M"]
[Black "Neuman, Petr"]
[Result "1/2-1/2"]
[WhiteElo "2320"]
[BlackElo "2516"]
[PlyCount "46"]
[EventDate "2013.08.17"]
[Source "ChessBase"]
[SourceDate "1996.11.15"]

1. d4 Nf6 2. Nf3 g6 3. g3 Bg7 4. Bg2 O-O 5. O-O d6 6. Re1 Nfd7 7. e4 e5 8. dxe5
dxe5 9. b3 Nc5 10. Nbd2 Qe7 11. Bb2 a5 12. a4 Rd8 13. Qe2 b6 14. Nc4 Ba6 15.
Ba3 Nc6 16. c3 Bf8 17. Bf1 Qf6 18. Nfd2 Rxd2 19. Qxd2 Nxb3 20. Qd7 Nxa1 21.
Bxf8 Nc2 22. Rc1 Rxf8 23. Rxc2 Rc8 1/2-1/2

[Event "Festival INGEM - PLZEŇ 2013"]
[Site "Plzeň (Česká republika)"]
[Date "2013.08.23"]
[Round "8.2"]
[White "Plischki, Sebastian"]
[Black "Siembab, Bartosz"]
[Result "1/2-1/2"]
[WhiteElo "2421"]
[BlackElo "2223"]
[PlyCount "150"]
[EventDate "2013.08.17"]
[Source "ChessBase"]
[SourceDate "1996.11.15"]

1. d4 d5 2. c4 c6 3. Nc3 Nf6 4. e3 e6 5. Nf3 Nbd7 6. Bd3 dxc4 7. Bxc4 b5 8. Bd3
a6 9. a4 b4 10. Ne4 c5 11. Nxf6+ Nxf6 12. dxc5 Bxc5 13. O-O O-O 14. e4 h6 15.
e5 Nd5 16. Qe2 Bb7 17. Qe4 f5 18. exf6 Qxf6 19. Ne5 Qf5 20. Qxf5 exf5 21. Nd7
Rfc8 22. Bxf5 Ba7 23. Bd2 Re8 24. Rfe1 Bd4 25. Rad1 Bc6 26. Be4 Bxb2 27. Bxd5+
Bxd5 28. Bxb4 Rxe1+ 29. Rxe1 Bc6 30. Nb6 Rb8 31. Bc5 Ba3 32. Be3 Bb4 33. Rc1
Be8 34. h3 Ba5 35. Nd5 Bd8 36. Bf4 Ra8 37. Nc7 Bxc7 38. Rxc7 Bf7 39. a5 Re8 40.
Bd2 Re2 41. Bc3 Re4 42. Ra7 Rc4 43. Bd2 Rc6 44. Be3 Rg6 45. g4 h5 46. f3 hxg4
47. hxg4 Rd6 48. Kf2 Bc4 49. Rc7 Bb5 50. Bf4 Rd7 51. Rc5 Kf7 52. Be5 g6 53. Ke3
Ke6 54. Bd4 Rd5 55. Rc8 Rd6 56. f4 Kd7 57. Rg8 Bc4 58. Rg7+ Ke8 59. Ke4 Bf7 60.
Rh7 Rc6 61. Rh8+ Ke7 62. Rb8 Bc4 63. Rb7+ Ke8 64. f5 gxf5+ 65. gxf5 Rd6 66. Rc7
Bb5 67. Ke5 Rd7 68. Rc8+ Rd8 69. Rc2 Bd3 70. Rf2 Kf7 71. Bb6 Re8+ 72. Kd4 Bb5
73. Kd5 Re1 74. Bd4 Rf1 75. Rxf1 Bxf1 1/2-1/2

[Event "Festival INGEM - PLZEŇ 2013"]
[Site "Plzeň (Česká republika)"]
[Date "2013.08.23"]
[Round "8.3"]
[White "Eretova, Jana"]
[Black "Vlasak, Lukas"]
[Result "1/2-1/2"]
[WhiteElo "2093"]
[BlackElo "2339"]
[PlyCount "79"]
[EventDate "2013.08.17"]
[Source "ChessBase"]
[SourceDate "1996.11.15"]

1. e4 c5 2. Nf3 Nc6 3. d3 g6 4. g3 Bg7 5. Bg2 e5 6. O-O Nge7 7. c3 O-O 8. Nbd2
d6 9. a4 h6 10. Nc4 Be6 11. Nfd2 Qd7 12. Qe2 Rae8 13. Re1 f5 14. exf5 Nxf5 15.
a5 Kh7 16. Ne4 Qc7 17. g4 Nfd4 18. Qd1 d5 19. Nxc5 dxc4 20. cxd4 Bc8 21. d5 Nd4
22. Ne4 cxd3 23. Be3 Nc2 24. g5 h5 25. d6 Qc4 26. Rc1 Bf5 27. Bxa7 Qb4 28. Bc5
Qxe1+ 29. Qxe1 Nxe1 30. Rxe1 Rf7 31. Rd1 Rc8 32. b4 Rd7 33. Ng3 Bf8 34. Be4 Bg4
35. f3 h4 36. fxg4 hxg3 37. Rxd3 gxh2+ 38. Kxh2 Rcd8 39. Bb6 Rc8 40. Bc5
1/2-1/2

[Event "Festival INGEM - PLZEŇ 2013"]
[Site "Plzeň (Česká republika)"]
[Date "2013.08.23"]
[Round "8.4"]
[White "Kireev, Aleksei"]
[Black "Sabuk, Piotr"]
[Result "1/2-1/2"]
[WhiteElo "2337"]
[BlackElo "2239"]
[PlyCount "70"]
[EventDate "2013.08.17"]
[Source "ChessBase"]
[SourceDate "1996.11.15"]

1. g3 d5 2. Bg2 e5 3. d3 Nf6 4. e4 dxe4 5. dxe4 Qxd1+ 6. Kxd1 Ng4 7. Nh3 Bc5 8.
f3 Ne3+ 9. Bxe3 Bxe3 10. Re1 Bc5 11. Nd2 Nc6 12. c3 a5 13. a4 f6 14. Kc2 Be6
15. Nf1 Kf7 16. Ne3 Rad8 17. Nf2 Rd7 18. Bh3 Bxh3 19. Nxh3 Rhd8 20. Rad1 Rxd1
21. Nxd1 h5 22. Nhf2 Ne7 23. Nd3 Bb6 24. b3 c6 25. N1b2 Bc7 26. Nc4 b5 27. Ncb2
Bb6 28. Ra1 Nc8 29. b4 bxa4 30. bxa5 Bxa5 31. Rxa4 Bb6 32. Nc4 Bg1 33. Ra8 Ne7
34. h3 Bb6 35. Rxd8 Bxd8 1/2-1/2

[Event "Festival INGEM - PLZEŇ 2013"]
[Site "Plzeň (Česká republika)"]
[Date "2013.08.23"]
[Round "8.5"]
[White "Bartos, Jan"]
[Black "Folk, Petr"]
[Result "1/2-1/2"]
[WhiteElo "2265"]
[BlackElo "2218"]
[PlyCount "67"]
[EventDate "2013.08.17"]
[Source "ChessBase"]
[SourceDate "1996.11.15"]

1. d4 d5 2. c4 e6 3. Nf3 c6 4. e3 Nf6 5. Nbd2 Nbd7 6. Bd3 Bd6 7. O-O O-O 8. e4
e5 9. cxd5 cxd5 10. Re1 Re8 11. exd5 exd4 12. Rxe8+ Qxe8 13. Nc4 Bc5 14. a3
Nxd5 15. b4 Bf8 16. Nxd4 N7f6 17. Bb2 Nf4 18. Bf1 Bg4 19. Qd2 Ne6 20. Ne3 Bh5
21. Nxe6 Qxe6 22. Bc4 Qd7 23. Qxd7 Nxd7 24. Bd5 Rd8 25. g4 Bg6 26. f4 Bd3 27.
Rd1 Bb5 28. Bf3 a5 29. Nd5 axb4 30. axb4 Bc6 31. Kg2 Ra8 32. b5 Ra2 33. Rd2 Ba3
34. bxc6 1/2-1/2

[Event "Festival INGEM - PLZEŇ 2013"]
[Site "Plzeň (Česká republika)"]
[Date "2013.08.23"]
[Round "8.6"]
[White "Fiala, Jaroslav"]
[Black "Kozusek, Daniel"]
[Result "1/2-1/2"]
[WhiteElo "2193"]
[BlackElo "2078"]
[PlyCount "30"]
[EventDate "2013.08.17"]
[Source "ChessBase"]
[SourceDate "1996.11.15"]

1. e4 e5 2. Nf3 Nc6 3. Bb5 f5 4. Nc3 fxe4 5. Nxe4 d5 6. Nxe5 dxe4 7. Nxc6 Qg5
8. Qe2 Nf6 9. f4 Qxf4 10. Ne5+ c6 11. d4 Qh4+ 12. g3 Qh3 13. Bc4 Be6 14. Bg5
O-O-O 15. O-O-O h6 1/2-1/2

[Event "Festival INGEM - PLZEŇ 2013"]
[Site "Plzeň (Česká republika)"]
[Date "2013.08.23"]
[Round "8.7"]
[White "Haba, Zdenek"]
[Black "Sura, Jaroslav"]
[Result "1-0"]
[WhiteElo "2241"]
[BlackElo "2050"]
[PlyCount "61"]
[EventDate "2013.08.17"]
[Source "ChessBase"]
[SourceDate "1996.11.15"]

1. d4 c5 2. d5 e5 3. e4 d6 4. Bb5+ Nd7 5. a4 a6 6. Bd3 g6 7. Nd2 Bh6 8. h4 Ndf6
9. Nc4 Bxc1 10. Qxc1 h6 11. f4 Ng4 12. fxe5 Nxe5 13. Nxe5 dxe5 14. Nf3 Qe7 15.
Qe3 Nf6 16. Nd2 Ng4 17. Qg3 Bd7 18. Nc4 O-O-O 19. O-O-O f5 20. d6 Qe6 21. Be2
Kb8 22. Rd5 Bxa4 23. Bxg4 fxg4 24. Qxe5 Rhe8 25. d7+ Qxe5 26. Nxe5 Re7 27. Rhd1
b6 28. b3 Bb5 29. c4 Rxe5 30. Rxe5 Rxd7 31. cxb5 1-0

[Event "Festival INGEM - PLZEŇ 2013"]
[Site "Plzeň (Česká republika)"]
[Date "2013.08.23"]
[Round "8.8"]
[White "Kozak, Milos"]
[Black "Janecek, Pavel"]
[Result "1-0"]
[WhiteElo "2178"]
[BlackElo "1892"]
[PlyCount "41"]
[EventDate "2013.08.17"]
[Source "ChessBase"]
[SourceDate "1996.11.15"]

1. d4 Nf6 2. Nf3 e6 3. c4 b6 4. g3 Bb7 5. Bg2 d5 6. cxd5 exd5 7. Nc3 Be7 8. O-O
O-O 9. Bf4 Nh5 10. Bd2 Nd7 11. Qb3 c6 12. Rad1 f5 13. e4 fxe4 14. Nxe4 h6 15.
Be3 Ba6 16. Rfe1 Kh8 17. Nc3 Rf7 18. Qc2 Qf8 19. Ne5 Nxe5 20. dxe5 Qc8 21. Qg6
1-0

[Event "Festival INGEM - PLZEŇ 2013"]
[Site "Plzeň (Česká republika)"]
[Date "2013.08.23"]
[Round "8.9"]
[White "Kopřŕiva, Martin"]
[Black "Simunek, Filip"]
[Result "0-1"]
[WhiteElo "1816"]
[BlackElo "2129"]
[PlyCount "72"]
[EventDate "2013.08.17"]
[Source "ChessBase"]
[SourceDate "1996.11.15"]

1. e4 c5 2. Nf3 Nc6 3. d4 cxd4 4. Nxd4 Nf6 5. Nc3 d6 6. Be2 e5 7. Nb3 Be7 8.
O-O O-O 9. Kh1 a5 10. Be3 a4 11. Nd2 a3 12. bxa3 d5 13. exd5 Nxd5 14. Nxd5 Qxd5
15. Bf3 Qe6 16. c4 Bxa3 17. Bd5 Qe7 18. Ne4 Bf5 19. Bg5 Qc7 20. Qf3 Bg6 21. h4
Be7 22. Qg4 Kh8 23. h5 f5 24. Qh4 Be8 25. Nc3 Bxg5 26. Qxg5 Ne7 27. Nb5 Bxb5
28. Bxb7 Qxb7 29. cxb5 Ra4 30. f3 h6 31. Qe3 Qxb5 32. Rfc1 Rh4+ 33. Kg1 f4 34.
Qa7 Qd3 35. Rc7 Nf5 36. a4 Ng3 0-1

[Event "Festival INGEM - PLZEŇ 2013"]
[Site "Plzeň (Česká republika)"]
[Date "2013.08.23"]
[Round "8.10"]
[White "DoCekal, Jan"]
[Black "Stengl, Jaroslav"]
[Result "1/2-1/2"]
[WhiteElo "2306"]
[BlackElo "1990"]
[PlyCount "114"]
[EventDate "2013.08.17"]
[Source "ChessBase"]
[SourceDate "1996.11.15"]

1. e4 e6 2. Nf3 d5 3. e5 c5 4. b4 cxb4 5. a3 Nh6 6. axb4 Bxb4 7. c3 Be7 8. d4
Nf5 9. Bd3 O-O 10. h4 h5 11. g3 Nc6 12. O-O Bd7 13. Re1 Qc7 14. Bf4 Qc8 15.
Nbd2 a6 16. Ng5 g6 17. g4 hxg4 18. Qxg4 Ng7 19. Ngf3 Qe8 20. Qg2 b5 21. Kh2 b4
22. c4 a5 23. Rg1 a4 24. Bh6 b3 25. cxd5 Nb4 26. Bb1 exd5 27. Nxb3 Kh7 28. Nc5
Bxc5 29. Bxg7 Kxg7 30. dxc5 Rh8 31. Qg5 Qe6 32. Rg3 Nc6 33. Qf4 Rh5 34. Ra3
Nxe5 35. Ng5 Qf6 36. Qxf6+ Kxf6 37. Nf3 Nxf3+ 38. Rgxf3+ Kg7 39. Kg3 Rb8 40.
Ba2 Rb4 41. Rf4 Rxf4 42. Kxf4 Rf5+ 43. Ke3 Bc6 44. Rd3 Kf6 45. f4 Ke6 46. Rd4
Rh5 47. Rb4 Kd7 48. Rb6 Rxh4 49. Ra6 Rh2 50. Ra7+ Kd8 51. Bb1 Rb2 52. Bd3 Rb7
53. Ra6 Bb5 54. Bxb5 Rxb5 55. Kd4 Rb4+ 56. Kxd5 Rxf4 57. Ra7 g5 1/2-1/2